000
00357nam a2200145Ia 4500
008
231129s2010||||xx |||||||||||||| ||spa||
020
_a
ISBN 13: 978-958-42-
040
_b
spa
082
_a
Co863 C756c
100
_a
Constaín Juan Esteban
245
0
_a
Calcio!
260
_c
2010
264
_a
Planeta
942
_2
ddc
_c
BKS
999
_c
6438
_d
6438